| 000 | 00640nam a2200169 i 4500 | ||
|---|---|---|---|
| 001 | 99493 | ||
| 003 | ES-MaACL | ||
| 005 | 20230906182515.0 | ||
| 007 | t| | ||
| 008 | 050912s1973 sp ||||1| spa d | ||
| 100 | 1 |
_aMartín Serrano, Manuel. _977663 |
|
| 245 | 1 | 0 |
_aPropuesta de un modelo del espacio y la relación para investigar el cambio social, y aplicación al análisis sociológico del complejo de Edipo. / _cManuel Martín Serrano. |
| 260 |
_aMadrid : _bIMNASA, _c1973. |
||
| 300 |
_a15 h. ; _c24 cm. |
||
| 500 | _aEs tirada aparte de "Revista Española de la Opinión Pública", nº 33. | ||
| 852 |
_aES-MaACL _j2091-F-4 _bR.90459 |
||
| 999 |
_c99493 _d99493 |
||